00649 2200253 4500001002100000005001700021008004100038020002200079035002400101041000800125043001300133082001100146090002000157245002100177250001000198260003100208300002400239534002900263650002500292700001900317700002000336850001200356999002700368YOGYA-0711000000097020110720081951.0 ind  a978-979-21-2676-1 0010-071100000000970 aInd aYOPD DIY a028.55 aDEP 028.55bBis aBiskuit Franklin aCet 1 aYogyakartabKanisiusc2011 a32 hlmbilusc23 cm tFranklin And The Cookies aBacaan Kanak - Kanak aFlora Maharani aGagnon, Celesto aYOPDYOG aCB - D.11 - 2011 - 620